[Event "Pereira Fiestas de la Cosecha op"]
[Site "Pereira"]
[Date "2023.08.26"]
[Round "5"]
[White "Bermudez Rojas, Alejandro"]
[Black "Molina Valdes, Luisa Fernanda"]
[Result "1/2-1/2"]
[WhiteElo "1127"]
[BlackElo "1588"]
[PlyCount "81"]
[EventDate "2023.08.24"]
[EventType "swiss"]
[EventRounds "7"]
[EventCountry "COL"]
[SourceTitle "EXT 2024"]
[Source "ChessBase"]
[SourceDate "2023.10.10"]
[SourceVersion "1"]
[SourceVersionDate "2023.10.10"]
[SourceQuality "1"]

1. e4 e5 2. Nf3 Nf6 3. Nxe5 d6 4. Nf3 Nxe4 5. c4 Be7 6. d4 0-0 7. Bd3 Ng5 8. Nc3 Nc6 9. d5 Nxf3+ 10. Qxf3 Ne5 11. Qe4 Nxd3+ 12. Qxd3 Bf6 13. 0-0 g6 14. Bh6 Bf5 15. Qf3 Bg7 16. Bxg7 Kxg7 17. Rfe1 Qh4 18. Ne4 Rae8 19. Qc3+ f6 20. Ng3 Bd7 21. h3 Re5 22. Rxe5 fxe5 23. Re1 Rf4 24. b3 Qf6 25. Ne4 Qf8 26. Qe3 a6 27. Ng5 h6 28. Ne6+ Bxe6 29. dxe6 Qe7 30. Kf1 Rf6 31. g3 Qxe6 32. f4 Qxh3+ 33. Kg1 exf4 34. gxf4 Qxe3+ 35. Rxe3 Kf7 36. Re4 Rf5 37. Kf2 g5 38. Kf3 gxf4 39. Rxf4 Rxf4+ 40. Kxf4 Ke6 41. Ke4 1/2-1/2

[Event "Manizales Americas op"]
[Site "Manizales"]
[Date "2022.10.14"]
[Round "2"]
[White "Molina Valdes, Luisa Fernanda"]
[Black "Serrano Quinceno, Carlos Enrique"]
[Result "1-0"]
[WhiteElo "1603"]
[BlackElo "1625"]
[PlyCount "47"]
[EventDate "2022.10.14"]
[EventType "swiss"]
[EventRounds "8"]
[EventCountry "COL"]
[SourceTitle "CBM 210 Extra"]
[Source "ChessBase"]
[SourceDate "2022.11.30"]
[SourceVersion "1"]
[SourceVersionDate "2022.11.30"]
[SourceQuality "1"]

1. e4 e6 2. d4 d5 3. Nd2 c5 4. c3 Nc6 5. dxc5 Bxc5 6. Bd3 Nf6 7. Qe2 0-0 8. Ngf3 dxe4 9. Nxe4 Nxe4 10. Qxe4 f5 11. Qc4 Qb6 12. 0-0 Kh8 13. b4 Bd6 14. Ng5 Ne5 15. Qh4 h6 16. Be3 Qd8 17. Be2 Kg8 18. Rad1 hxg5 19. Bxg5 Qc7 20. f4 Nf7 21. Rd3 e5 22. Rh3 Nxg5 23. fxg5 Be6 24. g6 1-0

[Event "Manizales Departamental-ch 2nd"]
[Site "Manizales"]
[Date "2022.07.17"]
[Round "7"]
[White "Molina Valdes, Luisa Fernanda"]
[Black "Hernandez Pinzon, Helvert"]
[Result "0-1"]
[WhiteElo "1616"]
[BlackElo "1869"]
[PlyCount "88"]
[EventDate "2022.07.14"]
[EventType "swiss"]
[EventRounds "7"]
[EventCountry "COL"]
[SourceTitle "EXT 2024"]
[Source "ChessBase"]
[SourceDate "2023.10.10"]
[SourceVersion "1"]
[SourceVersionDate "2023.10.10"]
[SourceQuality "1"]

1. e4 c5 2. d4 cxd4 3. c3 dxc3 4. Nxc3 e6 5. Nf3 Bb4 6. Bd2 a6 7. Bc4 Ne7 8. 0-0 0-0 9. Qe2 b5 10. Bb3 Bb7 11. Rfd1 Nbc6 12. Rac1 Rc8 13. a3 Ba5 14. Bg5 h6 15. Bh4 d6 16. Nd5 Qe8 17. Nxe7+ Nxe7 18. Bg3 d5 19. exd5 Nxd5 20. Qd3 Rxc1 21. Rxc1 Nf6 22. Ne5 Qd8 23. Qe2 Qd2 24. Qxd2 Bxd2 25. Rc7 Rc8 26. Rxc8+ Bxc8 27. Nc6 Bb7 28. Nb4 Ne4 29. Be5 Nc5 30. Bc2 a5 31. Na2 Be4 32. Bxe4 Nxe4 33. f3 Nc5 34. Kf1 f6 35. Bd4 Nb3 36. Bb6 Bf4 37. Nc3 Nd2+ 38. Kf2 Nc4 39. Bc5 Bd6 40. b4 Bxc5+ 41. bxc5 b4 42. axb4 axb4 43. c6 bxc3 44. c7 Nd6 0-1

[Event "Manizales Departamental-ch 2nd"]
[Site "Manizales"]
[Date "2022.07.14"]
[Round "1"]
[White "Munoz Galvez, Jhon Edison"]
[Black "Molina Valdes, Luisa Fernanda"]
[Result "1-0"]
[WhiteElo "2310"]
[BlackElo "1616"]
[PlyCount "85"]
[EventDate "2022.07.14"]
[EventType "swiss"]
[EventRounds "7"]
[EventCountry "COL"]
[SourceTitle "EXT 2024"]
[Source "ChessBase"]
[SourceDate "2023.10.10"]
[SourceVersion "1"]
[SourceVersionDate "2023.10.10"]
[SourceQuality "1"]

1. d4 d5 2. Nf3 Nf6 3. Bg5 e6 4. Nbd2 Be7 5. Bxf6 Bxf6 6. e4 Nd7 7. e5 Be7 8. Bd3 c5 9. c3 Qb6 10. Rb1 cxd4 11. cxd4 g5 12. h3 Qa5 13. a3 Nb6 14. 0-0 Bd7 15. Nb3 Qa4 16. Nc5 Qxd1 17. Rfxd1 Bxc5 18. dxc5 Nc4 19. Bxc4 dxc4 20. Nxg5 Bc6 21. Rd4 Bd5 22. Ne4 Ke7 23. Nf6 Rad8 24. Rbd1 h6 25. Kh2 h5 26. f4 Rh6 27. Nxd5+ exd5 28. Rxd5 Rxd5 29. Rxd5 Rc6 30. Kg3 Rg6+ 31. Kf2 h4 32. Rd4 b5 33. cxb6 Rxb6 34. Rxc4 Rxb2+ 35. Kg1 Ke6 36. Rc6+ Kd7 37. Rf6 Ke7 38. Ra6 Rb7 39. Kf2 Rb2+ 40. Kf3 Rb3+ 41. Kg4 Rg3+ 42. Kxh4 Rxg2 43. Rxa7+ 1-0

[Event "Pereira Gildardo Garcia Memorial-B"]
[Site "Pereira"]
[Date "2022.05.22"]
[Round "9"]
[White "Molina Valdes, Luisa Fernanda"]
[Black "Pena Mora, Carlos"]
[Result "0-1"]
[WhiteElo "1631"]
[BlackElo "1387"]
[PlyCount "82"]
[EventDate "2022.05.18"]
[EventType "swiss"]
[EventRounds "9"]
[EventCountry "COL"]
[SourceTitle "CBM 208 Extra"]
[Source "ChessBase"]
[SourceDate "2022.07.31"]
[SourceVersion "1"]
[SourceVersionDate "2022.07.31"]
[SourceQuality "1"]

1. e4 c6 2. Nf3 d5 3. Nc3 dxe4 4. Nxe4 Nf6 5. Qe2 Bg4 6. h3 Bxf3 7. Qxf3 Nbd7 8. Bc4 e6 9. d4 Nxe4 10. Qxe4 Nf6 11. Qe2 Qxd4 12. 0-0 Be7 13. Be3 Qd8 14. Rfd1 Qc7 15. Qf3 0-0 16. Rd2 Rfd8 17. Bd3 Qe5 18. Bf4 Qh5 19. Qg3 Nd5 20. Be5 Bf6 21. Bxf6 Nxf6 22. Rad1 Rd5 23. Qc7 Rd7 24. Qg3 Rad8 25. Qe3 a6 26. Be2 Qg6 27. Rxd7 Rxd7 28. Rxd7 Nxd7 29. Bd3 Qf6 30. c3 g6 31. Qa7 Qd8 32. Qxb7 Nc5 33. Qxc6 Nxd3 34. b4 Qf6 35. f3 Qe5 36. Qe4 Qxc3 37. Qa8+ Kg7 38. Qxa6 Nxb4 39. Qe2 Qa1+ 40. Kh2 Nxa2 41. Qe4 Qc3 0-1

[Event "Pereira Gildardo Garcia Memorial-B"]
[Site "Pereira"]
[Date "2022.05.21"]
[Round "6"]
[White "Vargas, Eduar Misael"]
[Black "Molina Valdes, Luisa Fernanda"]
[Result "1-0"]
[WhiteElo "1853"]
[BlackElo "1631"]
[PlyCount "77"]
[EventDate "2022.05.18"]
[EventType "swiss"]
[EventRounds "9"]
[EventCountry "COL"]
[SourceTitle "CBM 208 Extra"]
[Source "ChessBase"]
[SourceDate "2022.07.31"]
[SourceVersion "1"]
[SourceVersionDate "2022.07.31"]
[SourceQuality "1"]

1. d4 d5 2. c4 c6 3. Nf3 Nf6 4. Nc3 e6 5. Bg5 Nbd7 6. e3 Be7 7. Bd3 dxc4 8. Bxc4 b5 9. Bb3 Bb7 10. 0-0 0-0 11. Rc1 a6 12. a3 c5 13. Qe2 c4 14. Bc2 Qa5 15. Bxf6 Nxf6 16. Ne5 Rac8 17. f4 Qc7 18. Bb1 Rfd8 19. f5 Nd5 20. Nxf7 Kxf7 21. Qh5+ Kf8 22. fxe6+ Bf6 23. Qxh7 Nxe3 24. Rxf6+ gxf6 25. Qh6+ Ke7 26. Qxe3 Rg8 27. d5 Rg5 28. Be4 Rh8 29. g3 Qd6 30. Rd1 Rhg8 31. Kf2 f5 32. Bf3 R5g6 33. Qf4 Qxf4 34. gxf4 Bc8 35. Ne2 Rh6 36. d6+ Kxe6 37. Bd5+ Kd7 38. Bxg8 Rxh2+ 39. Kf3 1-0

[Event "Manizales Las Americas op-C"]
[Site "Manizales"]
[Date "2021.10.18"]
[Round "8"]
[White "Molina Valdes, Luisa Fernanda"]
[Black "Munoz, Edgar Alex"]
[Result "0-1"]
[WhiteElo "1651"]
[BlackElo "1638"]
[PlyCount "64"]
[EventDate "2021.10.14"]
[EventType "swiss"]
[EventRounds "9"]
[EventCountry "COL"]
[SourceTitle "EXT 2023"]
[Source "ChessBase"]
[SourceDate "2022.10.05"]
[SourceVersion "1"]
[SourceVersionDate "2022.10.05"]
[SourceQuality "1"]

1. e4 c5 2. d4 cxd4 3. c3 dxc3 4. Nxc3 Nc6 5. Bc4 d6 6. Nf3 a6 7. h3 Nf6 8. 0-0 e6 9. Qe2 Be7 10. Rd1 Qc7 11. Bf4 Ne5 12. Bb3 0-0 13. Rac1 Qb8 14. Na4 b5 15. Nc5 Nxf3+ 16. Qxf3 e5 17. Nd3 exf4 18. Nxf4 Bb7 19. Re1 Kh8 20. Qd3 Nd7 21. Qg3 Bf6 22. Nh5 Be5 23. f4 Bd4+ 24. Kh1 g6 25. Qd3 Bxb2 26. Bxf7 gxh5 27. Qb3 Bg7 28. Qe6 Nc5 29. Qf5 Bxe4 30. Qxh5 Qb7 31. Rxe4 Nxe4 32. Bg6 Ng3+ 0-1

[Event "Manizales Las Americas op-C"]
[Site "Manizales"]
[Date "2021.10.17"]
[Round "7"]
[White "Molina Valdes, Luisa Fernanda"]
[Black "Garcia, Juan Jose1111"]
[Result "1/2-1/2"]
[WhiteElo "1651"]
[BlackElo "1545"]
[PlyCount "29"]
[EventDate "2021.10.14"]
[EventType "swiss"]
[EventRounds "9"]
[EventCountry "COL"]
[SourceTitle "EXT 2023"]
[Source "ChessBase"]
[SourceDate "2022.10.05"]
[SourceVersion "1"]
[SourceVersionDate "2022.10.05"]
[SourceQuality "1"]

1. e4 c5 2. d4 cxd4 3. c3 e5 4. Nf3 Nc6 5. cxd4 exd4 6. Nxd4 Bb4+ 7. Bd2 Qe7 8. Nb5 Qxe4+ 9. Qe2 Qxe2+ 10. Bxe2 Kd8 11. 0-0 a6 12. Bc3 Bxc3 13. N5xc3 Nf6 14. Nd2 d5 15. Nb3 1/2-1/2

[Event "Manizales Las Americas op-C"]
[Site "Manizales"]
[Date "2021.10.15"]
[Round "3"]
[White "Ortiz Hernandez, Jose Guillermo"]
[Black "Molina Valdes, Luisa Fernanda"]
[Result "1-0"]
[WhiteElo "1600"]
[BlackElo "1651"]
[PlyCount "42"]
[EventDate "2021.10.14"]
[EventType "swiss"]
[EventRounds "9"]
[EventCountry "COL"]
[SourceTitle "EXT 2023"]
[Source "ChessBase"]
[SourceDate "2022.10.05"]
[SourceVersion "1"]
[SourceVersionDate "2022.10.05"]
[SourceQuality "1"]

1. d4 Nf6 2. c4 g6 3. Nc3 Bg7 4. e4 d6 5. Bd3 0-0 6. f4 e5 7. fxe5 dxe5 8. d5 Nh5 9. Nf3 Bg4 10. 0-0 Na6 11. Be3 Qe7 12. a3 f5 13. b4 f4 14. Bf2 c6 15. c5 cxd5 16. Bxa6 bxa6 17. Nxd5 Qb7 18. Rc1 Rfd8 19. Qb3 Kh8 20. Ng5 h6 21. c6 Qb5 1-0

[Event "COL-ch Visually disabled (Women)"]
[Site "Cartagena"]
[Date "2019.12.05"]
[Round "5.2"]
[White "Molina Valdes, Luisa Fernanda"]
[Black "Lozano Valencia, Laura Nataly"]
[Result "1-0"]
[WhiteElo "1568"]
[BlackElo "1555"]
[PlyCount "83"]
[EventDate "2019.12.03"]
[EventType "swiss"]
[EventRounds "7"]
[EventCountry "COL"]
[SourceTitle "EXT 2024"]
[Source "ChessBase"]
[SourceDate "2023.10.10"]
[SourceVersion "1"]
[SourceVersionDate "2023.10.10"]
[SourceQuality "1"]

1. e4 c6 2. d4 d5 3. exd5 cxd5 4. Bd3 Nc6 5. c3 Nf6 6. Nf3 Qc7 7. h3 e6 8. Na3 a6 9. b4 e5 10. dxe5 Nxe5 11. Nxe5 Qxe5+ 12. Qe2 Bd6 13. f4 Qxe2+ 14. Bxe2 Ne4 15. 0-0 0-0 16. Bf3 Nxc3 17. Nc2 Be6 18. Bd2 Ne4 19. Be3 Rac8 20. Nd4 Bd7 21. a3 b5 22. Rac1 f6 23. Nb3 Rc4 24. Bc5 Be6 25. f5 Bf7 26. Bxd6 Nxd6 27. g4 g5 28. Nc5 Re8 29. Ne6 d4 30. Rxc4 Nxc4 31. Nxd4 Nxa3 32. Ra1 Re3 33. Kf2 Rd3 34. Ne6 Kh8 35. Rc1 Nc4 36. Be2 Rd2 37. Ke1 Rb2 38. Bxc4 Rxb4 39. Bd5 Bxe6 40. fxe6 Kg8 41. e7+ Kg7 42. e8Q 1-0

[Event "Uniagraria AlphaZero op 2nd"]
[Site "Uniagraria"]
[Date "2019.11.10"]
[Round "4"]
[White "Barrios, Felipe"]
[Black "Molina Valdes, Luisa Fernanda"]
[Result "0-1"]
[WhiteElo "1858"]
[BlackElo "1568"]
[PlyCount "98"]
[EventDate "2019.11.08"]
[EventType "swiss"]
[EventRounds "7"]
[EventCountry "COL"]
[SourceTitle "CBM 193 Extra"]
[Source "ChessBase"]
[SourceDate "2020.01.31"]
[SourceVersion "1"]
[SourceVersionDate "2020.01.31"]
[SourceQuality "1"]

1. e4 d6 2. d4 Nf6 3. Bd3 e5 4. Ne2 Nbd7 5. c3 Be7 6. 0-0 0-0 7. f4 c6 8. Nd2 Qc7 9. Nf3 Re8 10. Ng3 Bf8 11. Kh1 b6 12. fxe5 dxe5 13. Bg5 Bd6 14. Nf5 exd4 15. Bxf6 Nxf6 16. Nxd6 Qxd6 17. e5 Rxe5 18. Nxe5 Qxe5 19. cxd4 Qd6 20. Be2 Be6 21. Bf3 Nd5 22. Re1 Rd8 23. Rc1 Ne7 24. a3 h6 25. Qe2 Nd5 26. Qe5 Qd7 27. Bxd5 Qxd5 28. Qxd5 Rxd5 29. Rxc6 Rxd4 30. Rc2 Kf8 31. h3 Rd3 32. Kh2 g6 33. Ree2 Rd7 34. Red2 Re7 35. Rd8+ Kg7 36. Kg3 Bf5 37. Rcd2 Rc7 38. Kf3 Be6 39. R8d6 Rc5 40. R6d4 Rc7 41. R4d3 Rc5 42. Rc3 Rf5+ 43. Ke2 b5 44. g4 Re5+ 45. Kf3 h5 46. gxh5 Rxh5 47. Rdd3 a5 48. Kf2 a4 49. Ke2 Bc4 0-1

[Event "Uniagraria AlphaZero op 2nd"]
[Site "Uniagraria"]
[Date "2019.11.09"]
[Round "2"]
[White "Quintero, Raul"]
[Black "Molina Valdes, Luisa Fernanda"]
[Result "0-1"]
[WhiteElo "1948"]
[BlackElo "1568"]
[PlyCount "60"]
[EventDate "2019.11.08"]
[EventType "swiss"]
[EventRounds "7"]
[EventCountry "COL"]
[SourceTitle "CBM 193 Extra"]
[Source "ChessBase"]
[SourceDate "2020.01.31"]
[SourceVersion "1"]
[SourceVersionDate "2020.01.31"]
[SourceQuality "1"]

1. Nf3 Nf6 2. c4 g6 3. g3 Bg7 4. Bg2 d6 5. d4 Nbd7 6. 0-0 0-0 7. Nc3 c5 8. e3 a6 9. b3 Re8 10. Bb2 Qa5 11. Qc2 b5 12. Nd2 Rb8 13. d5 Ne5 14. f4 Neg4 15. Nd1 e5 16. h3 exf4 17. exf4 Ne3 18. Nxe3 Rxe3 19. Rf3 Bf5 20. Qc1 Re2 21. Rf2 Rbe8 22. Rxe2 Rxe2 23. Bc3 b4 24. Bb2 Qd8 25. Bf1 Re3 26. Kf2 Qe8 27. a3 Bxh3 28. Bxf6 Bxf6 29. Ra2 Bd4 30. Bxh3 Re1+ 0-1

[Event "COL-ch U1800"]
[Site "Villamaria"]
[Date "2019.11.04"]
[Round "6"]
[White "Molina Valdes, Luisa Fernanda"]
[Black "Zuluaga, Nicolas"]
[Result "0-1"]
[WhiteElo "1568"]
[BlackElo "1745"]
[PlyCount "119"]
[EventDate "2019.11.01"]
[EventType "swiss"]
[EventRounds "7"]
[EventCountry "COL"]
[SourceTitle "CBM 193 Extra"]
[Source "ChessBase"]
[SourceDate "2020.01.31"]
[SourceVersion "1"]
[SourceVersionDate "2020.01.31"]
[SourceQuality "1"]

1. e4 d5 2. exd5 Qxd5 3. Nc3 Qa5 4. d4 c6 5. Bd2 Nf6 6. Bc4 Bg4 7. f3 Bh5 8. Bb3 Qc7 9. Qe2 e6 10. 0-0-0 Be7 11. Nh3 Nbd7 12. Nf4 0-0-0 13. g4 Bg6 14. h4 Bd6 15. Nxg6 hxg6 16. g5 Nd5 17. Ne4 Bf4 18. Kb1 Bxd2 19. Qxd2 N7b6 20. Qa5 Kb8 21. Qd2 Qf4 22. Qh2 Rh7 23. Rd2 Qxh2 24. Rdxh2 Ne3 25. c3 Nf5 26. h5 Rdh8 27. Bc2 gxh5 28. Nc5 Kc7 29. Rg1 g6 30. Ne4 Rd8 31. Nf6 Rhh8 32. Bxf5 exf5 33. Re1 Nd5 34. Nxd5+ Rxd5 35. Kc2 Rd7 36. Re5 Rhd8 37. Rhe2 b6 38. b4 Rd5 39. Re7+ R8d7 40. R2e5 Rxe5 41. Rxe5 Kd6 42. f4 Re7 43. Kd3 b5 44. a4 a6 45. axb5 axb5 46. Rc5 Re4 47. d5 Rc4 48. Rxc4 bxc4+ 49. Kxc4 cxd5+ 50. Kd4 Kc6 51. b5+ Kxb5 52. Kxd5 h4 53. c4+ Kb4 54. c5 h3 55. c6 h2 56. c7 h1Q+ 57. Kd6 Qb7 58. Kd7 Kc5 59. Kd8 Kd6 60. c8Q 0-1

[Event "COL-ch U1800"]
[Site "Villamaria"]
[Date "2019.11.03"]
[Round "4"]
[White "Guzman, River"]
[Black "Molina Valdes, Luisa Fernanda"]
[Result "0-1"]
[WhiteElo "1778"]
[BlackElo "1568"]
[PlyCount "114"]
[EventDate "2019.11.01"]
[EventType "swiss"]
[EventRounds "7"]
[EventCountry "COL"]
[SourceTitle "CBM 193 Extra"]
[Source "ChessBase"]
[SourceDate "2020.01.31"]
[SourceVersion "1"]
[SourceVersionDate "2020.01.31"]
[SourceQuality "1"]

1. e4 d6 2. d4 Nf6 3. Nc3 e5 4. dxe5 dxe5 5. Qxd8+ Kxd8 6. Bg5 Be6 7. 0-0-0+ Bd6 8. f4 Ke7 9. Nf3 h6 10. Bh4 g5 11. fxg5 hxg5 12. Bxg5 Nbd7 13. Bb5 c6 14. Be2 Rag8 15. h4 Bc7 16. Rhf1 Ke8 17. g3 Nh5 18. Be3 Nxg3 19. Rg1 Nxe2+ 20. Nxe2 Bg4 21. Rdf1 Bb8 22. Rf2 Bxf3 23. Rxg8+ Rxg8 24. Rxf3 Rh8 25. Rh3 Nf6 26. Ng3 Ng4 27. Bg1 b6 28. Kd2 Bc7 29. Ke2 Bd8 30. Kf3 Nf6 31. Nf5 Bc7 32. h5 Kf8 33. h6 Nh7 34. Be3 Bd8 35. Rg3 Rg8 36. Rxg8+ Kxg8 37. Nd6 c5 38. Kg4 Bc7 39. Nc8 Nf6+ 40. Kf5 Nh5 41. Ne7+ Kh7 42. Nd5 Ng3+ 43. Kg4 Nf1 44. Bg5 Bd6 45. Kh5 Ng3+ 46. Kg4 Nxe4 47. Be3 Kg6 48. h7 f5+ 49. Kf3 Kxh7 50. a3 Kg6 51. b4 cxb4 52. axb4 Ng5+ 53. Ke2 f4 54. Bg1 Kf5 55. c4 Ne6 56. Bf2 e4 57. b5 Ke5 0-1

[Event "COL-ch U1800"]
[Site "Villamaria"]
[Date "2019.11.02"]
[Round "2"]
[White "Garzon Salgado, Nelson Eduardo"]
[Black "Molina Valdes, Luisa Fernanda"]
[Result "1-0"]
[WhiteElo "1735"]
[BlackElo "1568"]
[PlyCount "39"]
[EventDate "2019.11.01"]
[EventType "swiss"]
[EventRounds "7"]
[EventCountry "COL"]
[SourceTitle "CBM 193 Extra"]
[Source "ChessBase"]
[SourceDate "2020.01.31"]
[SourceVersion "1"]
[SourceVersionDate "2020.01.31"]
[SourceQuality "1"]

1. d4 Nf6 2. c4 c5 3. Nf3 g6 4. Nc3 Bg7 5. Bg5 cxd4 6. Nxd4 Qb6 7. Nb3 d6 8. Bxf6 Bxf6 9. Nd5 Qd8 10. Nxf6+ exf6 11. Qd2 Nc6 12. e3 Be6 13. Rd1 Ne5 14. Qd4 Qb6 15. Nd2 Qc5 16. Ne4 Qb4+ 17. Qd2 Qxd2+ 18. Rxd2 Nxc4 19. Bxc4 Bxc4 20. Nxd6+ 1-0

[Event "COL-ch U1800"]
[Site "Villamaria"]
[Date "2019.11.01"]
[Round "1"]
[White "Molina Valdes, Luisa Fernanda"]
[Black "Arias Lopez, Jesus Miguel"]
[Result "1-0"]
[WhiteElo "1568"]
[BlackElo "1240"]
[PlyCount "51"]
[EventDate "2019.11.01"]
[EventType "swiss"]
[EventRounds "7"]
[EventCountry "COL"]
[SourceTitle "CBM 193 Extra"]
[Source "ChessBase"]
[SourceDate "2020.01.31"]
[SourceVersion "1"]
[SourceVersionDate "2020.01.31"]
[SourceQuality "1"]

1. e4 e5 2. Nf3 Nc6 3. Bb5 a6 4. Bxc6 bxc6 5. 0-0 Nf6 6. Nxe5 Nxe4 7. Re1 d5 8. d3 Nd6 9. Nxc6+ Kd7 10. Nxd8 Kxd8 11. Nc3 Be6 12. Bg5+ Be7 13. Bxe7+ Kxe7 14. Nxd5+ Kd7 15. Qf3 c6 16. Nb4 a5 17. Qxc6+ Ke7 18. Nd5+ Kf8 19. Qxa8+ Ne8 20. Nc7 g6 21. Qxe8+ Kg7 22. Nxe6+ fxe6 23. Qxe6 Kh6 24. Re3 Kh5 25. Rh3+ Kg5 26. Qe5+ 1-0

[Event "COL-chD"]
[Site "Bogota"]
[Date "2019.08.30"]
[Round "4"]
[White "Molina Valdes, Luisa Fernanda"]
[Black "Reyes Aristizabal, Andres"]
[Result "1-0"]
[WhiteElo "1541"]
[BlackElo "1641"]
[PlyCount "75"]
[EventDate "2019.08.28"]
[EventType "swiss"]
[EventRounds "7"]
[EventCountry "COL"]
[SourceTitle "EXT 2020"]
[Source "ChessBase"]
[SourceDate "2019.10.17"]
[SourceVersion "1"]
[SourceVersionDate "2019.10.17"]
[SourceQuality "1"]

1. Nf3 d6 2. g3 Nf6 3. Bg2 c6 4. d3 g6 5. c3 Bg7 6. e4 0-0 7. 0-0 Nh5 8. d4 Nd7 9. Nbd2 Nhf6 10. Qe2 e5 11. Rd1 Qc7 12. dxe5 dxe5 13. a4 Nb6 14. a5 Nbd7 15. Nc4 Ne8 16. b3 c5 17. Be3 b5 18. axb6 Nxb6 19. Nxb6 Qxb6 20. b4 Nc7 21. Bxc5 Qf6 22. Bxf8 Bxf8 23. Ra5 Ba6 24. Qd2 Nb5 25. c4 Nd4 26. Nxd4 exd4 27. e5 Qb6 28. Qxd4 Qxd4 29. Rxd4 Bxb4 30. Rxa6 Re8 31. Rd5 Rc8 32. Bf1 Bc5 33. Kg2 Rc7 34. f4 Bb6 35. Ra2 Bc5 36. Rxc5 Rxc5 37. Rxa7 Rc6 38. Kf3 1-0

[Event "COL-chD"]
[Site "Bogota"]
[Date "2019.08.29"]
[Round "3"]
[White "Vargas, Diana Paola"]
[Black "Molina Valdes, Luisa Fernanda"]
[Result "1-0"]
[WhiteElo "1665"]
[BlackElo "1541"]
[PlyCount "93"]
[EventDate "2019.08.28"]
[EventType "swiss"]
[EventRounds "7"]
[EventCountry "COL"]
[SourceTitle "EXT 2020"]
[Source "ChessBase"]
[SourceDate "2019.10.17"]
[SourceVersion "1"]
[SourceVersionDate "2019.10.17"]
[SourceQuality "1"]

1. e4 d6 2. d4 Nf6 3. Nc3 e5 4. Nf3 Nbd7 5. Bc4 Be7 6. 0-0 0-0 7. a4 c6 8. Re1 Qc7 9. h3 Nb6 10. Ba2 Be6 11. Bxe6 fxe6 12. dxe5 dxe5 13. Ng5 Rad8 14. Qe2 Qc8 15. a5 Na8 16. Be3 Ne8 17. Nf3 Qb8 18. Qc4 Kf7 19. Bc5 h6 20. Bxe7 Kxe7 21. Qc5+ Qd6 22. Qxa7 Qc7 23. Qc5+ Qd6 24. Qxe5 Nac7 25. Qxd6+ Nxd6 26. Ne5 Kf6 27. f4 g5 28. Nd3 Nf7 29. Rf1 Kg6 30. Rf2 Nd6 31. Ne5+ Kh7 32. Raf1 Ra8 33. b4 Na6 34. Nd7 Rf7 35. Ne5 Rff8 36. Nd3 Rac8 37. fxg5 Rxf2 38. Rxf2 c5 39. b5 Nb4 40. gxh6 Nc4 41. Rf7+ Kxh6 42. Rxb7 Nxa5 43. Rb6 Nxc2 44. Rxe6+ Kg5 45. Re5+ Kf6 46. Rxc5 Rxc5 47. Nxc5 1-0

[Event "Panama Caribe-ch (Women)"]
[Site "Panama"]
[Date "2019.08.17"]
[Round "5"]
[White "Alvarez, Claudia"]
[Black "Molina Valdes, Luisa Fernanda"]
[Result "1-0"]
[WhiteElo "1417"]
[BlackElo "1541"]
[PlyCount "107"]
[EventDate "2019.08.14"]
[EventType "swiss"]
[EventRounds "9"]
[EventCountry "PAN"]
[SourceTitle "EXT 2020"]
[Source "ChessBase"]
[SourceDate "2019.10.17"]
[SourceVersion "1"]
[SourceVersionDate "2019.10.17"]
[SourceQuality "1"]

1. e4 d6 2. d4 Nf6 3. Nc3 e5 4. Nf3 Nbd7 5. Bc4 Be7 6. 0-0 0-0 7. a4 c6 8. Ba2 Qc7 9. Re1 h6 10. h3 a5 11. Kh1 Nb6 12. Be3 Be6 13. Bxe6 fxe6 14. dxe5 dxe5 15. Qe2 Nfd7 16. Rad1 Bc5 17. Bxc5 Nxc5 18. b3 Qf7 19. Kg1 Ncd7 20. Nb1 Qh5 21. Na3 Rf7 22. Nc4 Raf8 23. Ncd2 g5 24. Nh2 Qg6 25. Ndf3 h5 26. g4 Rf4 27. Qe3 R8f7 28. Kg2 Qf6 29. Rd2 Nc8 30. Red1 Ncb6 31. Rd3 Qg6 32. Re1 Rh7 33. Nd2 hxg4 34. hxg4 Rhf7 35. Rf1 Nc8 36. Nc4 Rxe4 37. Qg3 Ref4 38. Rxd7 Qe4+ 39. f3 Qxc2+ 40. Rf2 Qxb3 41. Rd8+ Rf8 42. Rxf8+ Kxf8 43. Nxe5 Rxa4 44. Qh3 Ke7 45. Qh7+ Kd6 46. Rd2+ Kc5 47. Nd3+ Kc4 48. Qe4+ Kc3 49. Qe3 Qb6 50. Nc5+ Kb4 51. Rb2+ Kc4 52. Qc1+ Kd5 53. Rxb6 Nxb6 54. Nxa4 1-0

[Event "Panama Caribe-ch (Women)"]
[Site "Panama"]
[Date "2019.08.17"]
[Round "6"]
[White "Molina Valdes, Luisa Fernanda"]
[Black "Lobo Jimenez, Mariana"]
[Result "1-0"]
[WhiteElo "1541"]
[BlackElo "1220"]
[PlyCount "113"]
[EventDate "2019.08.14"]
[EventType "swiss"]
[EventRounds "9"]
[EventCountry "PAN"]
[SourceTitle "EXT 2020"]
[Source "ChessBase"]
[SourceDate "2019.10.17"]
[SourceVersion "1"]
[SourceVersionDate "2019.10.17"]
[SourceQuality "1"]

1. e4 e5 2. Nf3 Nc6 3. Bb5 Nf6 4. 0-0 Bc5 5. Nxe5 Nxe5 6. d4 Bb6 7. dxe5 Nxe4 8. Qe2 c6 9. Bc4 d5 10. exd6 Bf5 11. Nc3 0-0 12. Nxe4 Re8 13. Bxf7+ Kxf7 14. Ng5+ Kf8 15. Qc4 Qf6 16. Nf3 Re4 17. Qc3 Qxc3 18. bxc3 Rc4 19. Bb2 Bxc2 20. Rfe1 Re4 21. Rxe4 Bxe4 22. Re1 Bxf3 23. gxf3 Re8 24. Re4 Rxe4 25. fxe4 Ke8 26. Kg2 Kd7 27. e5 Ke6 28. f4 g6 29. c4 c5 30. Kf3 Kf5 31. Bc1 h5 32. Be3 a6 33. d7 a5 34. Bxc5 Bd8 35. Bd4 b6 36. a4 Bc7 37. c5 bxc5 38. Bxc5 Bd8 39. Bd6 Ke6 40. Ke4 h4 41. h3 Bb6 42. Bf8 Bd8 43. Bh6 Kxd7 44. Kd5 Ke8 45. Ke6 Be7 46. Bg5 Bxg5 47. fxg5 Kd8 48. Kf7 Kc7 49. e6 Kc6 50. e7 Kc5 51. e8Q Kb4 52. Qb5+ Ka3 53. Ke6 Ka2 54. Kd5 Ka3 55. Kc4 Ka2 56. Kc3 Ka3 57. Qb3# 1-0